The Over Quiz Stats

 Plays Quiz not verified by Sporcle

Support Sporcle.
Go Orange.
Score 0/20 Timer 04:00
0 Plays Today
Hint Answer % Correct
Judy Garland sings this classic ballad in The Wizard of OzOver The Rainbow
93.5%
If your buddy has fallen off the boat, you should yell this!Man Over Board
93.5%
Working after hours or an extended period of gameplay to break the tieOvertime
91.4%
Ugh... How much did I drink last night....Hangover
90.3%
Any type of medical drug that can be purchased without a prescriptionOver the Counter
89.2%
Staying up all night, eating snacks and watching movies... Seems to be incorrectly named.Sleepover
87.1%
You might get one of these when you want to completely change your style.Make Over
86%
Describes the condition of the weatherOvercast
84.9%
A lot of young boys probably wore this hair style on their first picture dayCombover
82.8%
Enter more quarters to continue or it might be this for you.Game Over
82.8%
Hint Answer % Correct
These sturdy working pants are also known as dungareesOveralls
82.8%
A sweater that has no zippers or buttonsPullover
82.8%
A style of fried eggs: Both sides fully cooked with lightly runny yolk.Over Easy
81.7%
Forcing a change in government, often in the form of a coup or rebellionOverthrow
80.6%
When someone has a speaking role without being seen on cameraVoice-over
79.6%
A phrase signifying the end of a two-way radio transmissionOver and Out
79.6%
If you're madly in love with someone, you might be going 'this' for themHead Over Heels
79.6%
The French term for a musical introduction.Overture
71%
Bruce Willis voices RJ the raccoon in this animated film about forest animals in suburbiaOver The Hedge
69.9%
A type of vehicle accident in which a vehicle tips over onto its side or roofRollover
49.5%

You're not logged in!

Compare scores with friends on all Sporcle quizzes.
OR
Log In

From the Vault

Pictured Anagram Pairs VII

by Exodiafinder687

If you didn't realize that you could anagram a picture... well, here you go.
Remove Ads.
Support Sporcle.
Get the best of Sporcle when you Go Orange. This ad-free experience offers more features, more stats, and more fun while also helping to support Sporcle. Thank you for becoming a member.

Show Comments

Extras

Created Jun 13, 2011ReportNominate
Tags:phrase

Top Quizzes Today


Score Distribution

Your Account Isn't Verified!

In order to create a playlist on Sporcle, you need to verify the email address you used during registration. Go to your Sporcle Settings to finish the process.

Report this User

Report this user for behavior that violates our Community Guidelines.

Details: